000 00262 a2200097 4500
999 _c323078
_d323078
001 88005
003 NUST
082 _a808.006 IRZ
245 _aWriting for the Technical Professions
_cThomas N.Trzyna
_hEnglish
260 _aUSA
_bWadsworth
_c1987
942 _aCAE NUST
_cBK
_k808.006 TRE
_2ddc